• 首页
  • 本馆介绍
  • 公告通知
  • 最新文献
  • 馆藏检索
  • 电子资源
  • 读者导购
  • 参考咨询
  • 我的图书馆
  • 登录
  • 详细信息显示
  • 放入我的书架
  • 预约/预借图书
  • 作者相关作品
  • 分类相关作品
  • 丛书相关作品
  • 出版社相关作品

书目信息

  • 表格格式
  • 工作单格式
  • 卡片格式
题名:
建筑工程技术经济学
    
 
作者: 邝守仁 , 刘洪玉 编著
分册:  
出版信息: 北京   清华大学出版社  1991.5
页数: 337页
开本: 20厘米
丛书名:
单 册:
中图分类: F407.9
科图分类:
主题词: 技术经济学-建筑工程 , 建筑工程-技术经济学
电子资源:
ISBN: 7-302-00754-3
000 00771nam0 2200241 45
001 0191022538
005 20060809082740.89
010    @a7-302-00754-3@dCNY3.35
100    @a19910911d1991 em y0chiy0121 ea
101 0  @achi
102    @aCN@b110000
105    @ay z 000yy
200 10 @a建筑工程技术经济学@AJIAN ZHU GONG CHENG JI SHU JING JI XUE@f邝守仁,刘洪玉编著@FKUANG SHOU REN , LIU HONG YU BIAN ZHU
210    @a北京@c清华大学出版社@d1991.5
215    @a337页@d20厘米
540 1  @a建筑 技术 经济@AJIAN ZHU JI SHU JING JI
606    @a技术经济学-建筑工程
606    @a建筑工程-技术经济学
690    @aF407.9@v3
701  0 @a邝守仁@AKUANG SHOU REN@4编著
701  0 @a刘洪玉@ALIU HONG YU@4编著
801  0 @aCN@bTSSF@c20060809
905    @a10447@dF407.9@e115
    
    建筑工程技术经济学/邝守仁,刘洪玉编著.-北京:清华大学出版社,1991.5
    337页;20厘米
    
    
    ISBN 7-302-00754-3:CNY3.35
    
●
相关链接 在E读中查询图书 在五车中查询图书 在当当中查询图书 在豆瓣中查询图书


正题名:建筑工程技术经济学     索取号:F407.9/115         预约/预借

序号 登录号 条形码 馆藏地/架位号 状态 备注
1 0447677   204476771   密集书库/ [索取号:F407.9/115] 在馆    
2 0447678   204476780   密集书库/ [索取号:F407.9/115] 在馆    
唐山师范学院图书馆 欢迎您!
大连网信软件有限公司© 版权所有